Normal view MARC view

Entry Personal Name

Number of records used in: 1

001 - CONTROL NUMBER

  • control field: 85

003 - CONTROL NUMBER IDENTIFIER

  • control field: PK-NaQUE

005 - DATE AND TIME OF LATEST TRANSACTION

  • control field: 20260521114605.0

008 - FIXED-LENGTH DATA ELEMENTS

  • fixed length control field: 260521|| aca||aabn | a|a d

040 ## - CATALOGING SOURCE

  • Original cataloging agency: PK-NaQUE
  • Transcribing agency: PK-NaQUE

100 ## - HEADING--PERSONAL NAME

  • Personal name: Buchwald, Art

670 ## - SOURCE DATA FOUND

  • Source citation: Work cat.: (PK-NaQUE)5625: Buchwald, Art , I Never Danced at the White House, 1973.